<?xml version="1.0" encoding="UTF-8"?>
<record
    xmlns:xsi="http://www.w3.org/2001/XMLSchema-instance"
    xsi:schemaLocation="http://www.loc.gov/MARC21/slim http://www.loc.gov/standards/marcxml/schema/MARC21slim.xsd"
    xmlns="http://www.loc.gov/MARC21/slim">

  <leader>01566nam a2200289Ia 4500</leader>
  <controlfield tag="005">20220316235351.0</controlfield>
  <controlfield tag="008">121119s2003    sp     gr     000 0 spa  </controlfield>
  <datafield tag="020" ind1=" " ind2=" ">
    <subfield code="a">8420638501</subfield>
  </datafield>
  <datafield tag="041" ind1="0" ind2=" ">
    <subfield code="a">spa</subfield>
  </datafield>
  <datafield tag="100" ind1="1" ind2=" ">
    <subfield code="a">Carpentier, Alejo,</subfield>
    <subfield code="d">1904-1980</subfield>
  </datafield>
  <datafield tag="245" ind1="1" ind2="4">
    <subfield code="a">Los pasos perdidos</subfield>
    <subfield code="c">Alejo Carpentier</subfield>
  </datafield>
  <datafield tag="250" ind1=" " ind2=" ">
    <subfield code="a">Quinta reimpresi&#xF3;n</subfield>
  </datafield>
  <datafield tag="264" ind1=" " ind2="1">
    <subfield code="a">Madrid</subfield>
    <subfield code="b">Alianza editorial</subfield>
    <subfield code="c">2003</subfield>
  </datafield>
  <datafield tag="300" ind1=" " ind2=" ">
    <subfield code="a">284 p&#xE1;ginas</subfield>
    <subfield code="c">17 cm.</subfield>
  </datafield>
  <datafield tag="336" ind1=" " ind2=" ">
    <subfield code="a">texto</subfield>
    <subfield code="b">txt</subfield>
    <subfield code="2">rdacontent</subfield>
  </datafield>
  <datafield tag="337" ind1=" " ind2=" ">
    <subfield code="a">sin mediaci&#xF3;n</subfield>
    <subfield code="b">n</subfield>
    <subfield code="2">rdamedia</subfield>
  </datafield>
  <datafield tag="338" ind1=" " ind2=" ">
    <subfield code="a">volumen</subfield>
    <subfield code="b">nc</subfield>
    <subfield code="2">rdacarrier</subfield>
  </datafield>
  <datafield tag="490" ind1="0" ind2=" ">
    <subfield code="a">El libro de bolsillo : biblioteca de autor</subfield>
  </datafield>
  <datafield tag="520" ind1="3" ind2=" ">
    <subfield code="a">Pieza magistral de la narrativa latinoamericana y perfecta ilustraci&#xF3;n del concepto de &#xAB;lo real maravilloso&#xBB;, Los pasos perdidos, publicada en 1953, inaugur&#xF3; el periodo de plenitud creadora de la obra de Alejo Carpentier (1904-1980). Inspirado en experiencias personales vividas por el autor en el interior de Venezuela, el viaje del an&#xF3;nimo protagonista de la novela &#xAD;que le lleva a remontar el Orinoco hasta el interior de la selva en busca de un primitivo instrumento musical&#xAD; se revela asimismo como un retroceso en el tiempo, a trav&#xE9;s de las etapas hist&#xF3;ricas m&#xE1;s significativas de Am&#xE9;rica, hasta los mismos or&#xED;genes, hasta la &#xE9;poca de las primeras formas y de la invenci&#xF3;n del lenguaje.</subfield>
  </datafield>
  <datafield tag="650" ind1="1" ind2="4">
    <subfield code="2">LEMB</subfield>
    <subfield code="a">Novela cubana</subfield>
  </datafield>
  <datafield tag="650" ind1="1" ind2="4">
    <subfield code="2">LEMB</subfield>
    <subfield code="a">Literatura cubana</subfield>
  </datafield>
  <datafield tag="650" ind1="1" ind2="4">
    <subfield code="2">LEMB</subfield>
    <subfield code="a">M&#xFA;sica popular</subfield>
  </datafield>
  <datafield tag="650" ind1="1" ind2="4">
    <subfield code="2">LEMB</subfield>
    <subfield code="a">Prostituci&#xF3;n en el teatro</subfield>
  </datafield>
  <datafield tag="942" ind1=" " ind2=" ">
    <subfield code="2">loc</subfield>
    <subfield code="c">BKLIT</subfield>
  </datafield>
  <datafield tag="040" ind1=" " ind2=" ">
    <subfield code="a">CO-BoRNBP</subfield>
    <subfield code="b">spa</subfield>
    <subfield code="e">rda</subfield>
    <subfield code="c">CO-BoRNBP</subfield>
  </datafield>
  <datafield tag="084" ind1=" " ind2=" ">
    <subfield code="a">N CAR1 </subfield>
  </datafield>
  <datafield tag="999" ind1=" " ind2=" ">
    <subfield code="c">747</subfield>
    <subfield code="d">747</subfield>
  </datafield>
  <datafield tag="952" ind1=" " ind2=" ">
    <subfield code="0">0</subfield>
    <subfield code="1">0</subfield>
    <subfield code="2">ddc</subfield>
    <subfield code="4">0</subfield>
    <subfield code="7">0</subfield>
    <subfield code="8">GEN</subfield>
    <subfield code="a">MEGUAMAL</subfield>
    <subfield code="b">MEGUAMAL</subfield>
    <subfield code="c">LIT</subfield>
    <subfield code="d">2023-01-30</subfield>
    <subfield code="l">0</subfield>
    <subfield code="o">NCAR1</subfield>
    <subfield code="p">GUA000277</subfield>
    <subfield code="r">2023-01-30 00:00:00</subfield>
    <subfield code="t">Ej.1</subfield>
    <subfield code="w">2023-01-30</subfield>
    <subfield code="y">BKLIT</subfield>
  </datafield>
  <datafield tag="952" ind1=" " ind2=" ">
    <subfield code="0">0</subfield>
    <subfield code="1">0</subfield>
    <subfield code="2">ddc</subfield>
    <subfield code="4">0</subfield>
    <subfield code="7">0</subfield>
    <subfield code="8">GEN</subfield>
    <subfield code="a">MEDORADO</subfield>
    <subfield code="b">MEDORADO</subfield>
    <subfield code="c">LIT</subfield>
    <subfield code="d">2023-02-06</subfield>
    <subfield code="l">0</subfield>
    <subfield code="o">NCAR1</subfield>
    <subfield code="p">DOR01641</subfield>
    <subfield code="r">2023-02-06 00:00:00</subfield>
    <subfield code="t">Ej.1</subfield>
    <subfield code="w">2023-02-06</subfield>
    <subfield code="y">BKLIT</subfield>
  </datafield>
  <datafield tag="952" ind1=" " ind2=" ">
    <subfield code="0">0</subfield>
    <subfield code="1">0</subfield>
    <subfield code="2">ddc</subfield>
    <subfield code="4">0</subfield>
    <subfield code="7">0</subfield>
    <subfield code="8">GEN</subfield>
    <subfield code="a">MESMARTI</subfield>
    <subfield code="b">MESMARTI</subfield>
    <subfield code="c">LIT</subfield>
    <subfield code="d">2023-05-11</subfield>
    <subfield code="l">0</subfield>
    <subfield code="o">N CAR1</subfield>
    <subfield code="p">SM00251</subfield>
    <subfield code="r">2023-05-11 00:00:00</subfield>
    <subfield code="t">Ej.1</subfield>
    <subfield code="w">2023-05-11</subfield>
    <subfield code="y">BKLIT</subfield>
  </datafield>
  <datafield tag="952" ind1=" " ind2=" ">
    <subfield code="0">0</subfield>
    <subfield code="1">0</subfield>
    <subfield code="2">ddc</subfield>
    <subfield code="4">0</subfield>
    <subfield code="7">0</subfield>
    <subfield code="8">GEN</subfield>
    <subfield code="a">MECABUYA</subfield>
    <subfield code="b">MECABUYA</subfield>
    <subfield code="c">LIT</subfield>
    <subfield code="d">2023-06-02</subfield>
    <subfield code="l">0</subfield>
    <subfield code="o">NCAR1</subfield>
    <subfield code="p">CAB000294</subfield>
    <subfield code="r">2023-06-02 00:00:00</subfield>
    <subfield code="t">Ej.1</subfield>
    <subfield code="w">2023-06-02</subfield>
    <subfield code="y">BKLIT</subfield>
  </datafield>
  <datafield tag="952" ind1=" " ind2=" ">
    <subfield code="0">0</subfield>
    <subfield code="1">0</subfield>
    <subfield code="2">ddc</subfield>
    <subfield code="4">0</subfield>
    <subfield code="7">0</subfield>
    <subfield code="8">GEN</subfield>
    <subfield code="a">MEFTEORO</subfield>
    <subfield code="b">MEFTEORO</subfield>
    <subfield code="c">LIT</subfield>
    <subfield code="d">2023-07-13</subfield>
    <subfield code="l">0</subfield>
    <subfield code="o">N CAR1</subfield>
    <subfield code="p">Fo00001284</subfield>
    <subfield code="r">2023-07-13 00:00:00</subfield>
    <subfield code="t">Ej.1</subfield>
    <subfield code="w">2023-07-13</subfield>
    <subfield code="y">BKLIT</subfield>
  </datafield>
  <datafield tag="952" ind1=" " ind2=" ">
    <subfield code="0">0</subfield>
    <subfield code="1">0</subfield>
    <subfield code="2">ddc</subfield>
    <subfield code="4">0</subfield>
    <subfield code="7">0</subfield>
    <subfield code="8">GEN</subfield>
    <subfield code="a">MECUBARR</subfield>
    <subfield code="b">MECUBARR</subfield>
    <subfield code="c">LIT</subfield>
    <subfield code="d">2023-07-27</subfield>
    <subfield code="l">0</subfield>
    <subfield code="o">N CAR1</subfield>
    <subfield code="p">CUB01225</subfield>
    <subfield code="r">2023-07-27 16:14:54</subfield>
    <subfield code="t">Ej.1</subfield>
    <subfield code="w">2023-07-27</subfield>
    <subfield code="y">BKLIT</subfield>
  </datafield>
  <datafield tag="952" ind1=" " ind2=" ">
    <subfield code="0">0</subfield>
    <subfield code="1">0</subfield>
    <subfield code="2">ddc</subfield>
    <subfield code="4">0</subfield>
    <subfield code="7">0</subfield>
    <subfield code="8">001</subfield>
    <subfield code="a">MEMAPIRI</subfield>
    <subfield code="b">MEMAPIRI</subfield>
    <subfield code="c">LIT</subfield>
    <subfield code="d">2024-01-11</subfield>
    <subfield code="l">0</subfield>
    <subfield code="o">N CAR1</subfield>
    <subfield code="p">MAP00001776</subfield>
    <subfield code="r">2024-01-11 19:37:02</subfield>
    <subfield code="t">Ej.1</subfield>
    <subfield code="w">2024-01-11</subfield>
    <subfield code="y">BKLIT</subfield>
  </datafield>
  <datafield tag="952" ind1=" " ind2=" ">
    <subfield code="0">0</subfield>
    <subfield code="1">0</subfield>
    <subfield code="2">ddc</subfield>
    <subfield code="4">0</subfield>
    <subfield code="7">0</subfield>
    <subfield code="8">GEN</subfield>
    <subfield code="a">MESGUARO</subfield>
    <subfield code="b">MESGUARO</subfield>
    <subfield code="c">LIT</subfield>
    <subfield code="d">2024-04-11</subfield>
    <subfield code="l">0</subfield>
    <subfield code="o">N CAR1</subfield>
    <subfield code="p">SG01617</subfield>
    <subfield code="r">2024-04-11 20:48:22</subfield>
    <subfield code="t">Ej.1</subfield>
    <subfield code="w">2024-04-11</subfield>
    <subfield code="y">BKLIT</subfield>
  </datafield>
  <datafield tag="952" ind1=" " ind2=" ">
    <subfield code="0">0</subfield>
    <subfield code="1">0</subfield>
    <subfield code="2">ddc</subfield>
    <subfield code="4">0</subfield>
    <subfield code="7">0</subfield>
    <subfield code="8">GEN</subfield>
    <subfield code="a">MECUMARA</subfield>
    <subfield code="b">MECUMARA</subfield>
    <subfield code="c">LIT</subfield>
    <subfield code="d">2024-07-10</subfield>
    <subfield code="l">0</subfield>
    <subfield code="o">NCAR1</subfield>
    <subfield code="p">CUM00977</subfield>
    <subfield code="r">2024-07-10 11:08:30</subfield>
    <subfield code="t">Ej.1</subfield>
    <subfield code="w">2024-07-10</subfield>
    <subfield code="y">BKLIT</subfield>
  </datafield>
  <datafield tag="952" ind1=" " ind2=" ">
    <subfield code="0">0</subfield>
    <subfield code="1">0</subfield>
    <subfield code="2">ddc</subfield>
    <subfield code="4">0</subfield>
    <subfield code="7">0</subfield>
    <subfield code="8">GEN</subfield>
    <subfield code="a">MEPLLERAS</subfield>
    <subfield code="b">MEPLLERAS</subfield>
    <subfield code="c">LIT</subfield>
    <subfield code="d">2025-02-06</subfield>
    <subfield code="l">0</subfield>
    <subfield code="o">N CAR1 </subfield>
    <subfield code="p">PLL01914</subfield>
    <subfield code="r">2025-02-06 08:39:20</subfield>
    <subfield code="t">Ej.1</subfield>
    <subfield code="w">2025-02-06</subfield>
    <subfield code="y">BKLIT</subfield>
  </datafield>
  <datafield tag="952" ind1=" " ind2=" ">
    <subfield code="0">0</subfield>
    <subfield code="1">0</subfield>
    <subfield code="2">ddc</subfield>
    <subfield code="4">0</subfield>
    <subfield code="7">0</subfield>
    <subfield code="8">GEN</subfield>
    <subfield code="a">MEPLOPEZ</subfield>
    <subfield code="b">MEPLOPEZ</subfield>
    <subfield code="c">GEN</subfield>
    <subfield code="d">2025-10-02</subfield>
    <subfield code="l">0</subfield>
    <subfield code="o">N CAR1 </subfield>
    <subfield code="p">PLZ02871</subfield>
    <subfield code="r">2025-10-02 13:59:33</subfield>
    <subfield code="t">Ej.1</subfield>
    <subfield code="w">2025-10-02</subfield>
    <subfield code="y">BKLIT</subfield>
  </datafield>
  <datafield tag="952" ind1=" " ind2=" ">
    <subfield code="0">0</subfield>
    <subfield code="1">0</subfield>
    <subfield code="2">ddc</subfield>
    <subfield code="4">0</subfield>
    <subfield code="7">0</subfield>
    <subfield code="8">GEN</subfield>
    <subfield code="a">MELEJANI</subfield>
    <subfield code="b">MELEJANI</subfield>
    <subfield code="c">GEN</subfield>
    <subfield code="d">2026-02-05</subfield>
    <subfield code="l">0</subfield>
    <subfield code="o">N CAR1 </subfield>
    <subfield code="p">LEJ02203</subfield>
    <subfield code="r">2026-02-05 19:06:42</subfield>
    <subfield code="t">Ej.1</subfield>
    <subfield code="w">2026-02-05</subfield>
    <subfield code="y">BKLIT</subfield>
  </datafield>
</record>
